Социальное проектирование: учебное пособие

Bibliografiske detaljer
Hovedforfatter: Луков В. А. Валерий Андреевич
Institution som forfatter: Московский гуманитарный университет
Summary:Учебное пособие проф. В. А. Лукова содержит систематическое изложение теоретических принципов и технологии разработки социального проекта, оценки его жизнеспособности и организационных основ его реализации. Автор развивает оригинальную теорию социального проектирования на основе выдвинутого им тезаурусного подхода. Для студентов вузов по специальности «Социальная работа», а также аспирантов, преподавателей факультетов социальной работы, социологии, менеджмента вузов, специалистов социальной сферы, практиков в области социального проектирования.
Sprog:russisk
Udgivet: Москва, Флинта, 2007
Udgivelse:7-е изд.
Fag:
Format: MixedMaterials Bog
KOHA link:https://koha.lib.tpu.ru/cgi-bin/koha/opac-detail.pl?biblionumber=124962

MARC

LEADER 00000nam0a2200000 4500
001 124962
005 20231101215912.0
010 |a 9785850857479 
010 |a 978-5-89349-543-0 
035 |a (RuTPU)RU\TPU\book\135236 
035 |a RU\TPU\book\103817 
090 |a 124962 
100 |a 20060519d2007 m y0rusy50 ca 
101 0 |a rus 
102 |a RU 
105 |a y j 001zy 
200 1 |a Социальное проектирование  |e учебное пособие  |f В. А. Луков  |g Московский гуманитарный университет 
205 |a 7-е изд. 
210 |a Москва  |c Флинта  |c Изд-во МГУ  |d 2007 
215 |a 240 с. 
320 |a Библиография в примечаниях. 
320 |a Предметный указатель: с. 233-236. 
330 |a Учебное пособие проф. В. А. Лукова содержит систематическое изложение теоретических принципов и технологии разработки социального проекта, оценки его жизнеспособности и организационных основ его реализации. Автор развивает оригинальную теорию социального проектирования на основе выдвинутого им тезаурусного подхода. Для студентов вузов по специальности «Социальная работа», а также аспирантов, преподавателей факультетов социальной работы, социологии, менеджмента вузов, специалистов социальной сферы, практиков в области социального проектирования. 
606 1 |a Социальное управление  |2 stltpush  |3 (RuTPU)RU\TPU\subj\55685  |9 73693 
610 1 |a социология 
610 1 |a социальное планирование 
610 1 |a социальное прогнозирование 
610 1 |a социальное проектирование 
610 1 |a социальная инженерия 
610 1 |a социальные процессы 
610 1 |a социальные проекты 
610 1 |a социальная работа 
610 1 |a социальная экспертиза 
610 1 |a реализация 
610 1 |a учебные пособия 
686 |a С55.372.1я73  |v LBC/SL-A  |2 rubbk 
686 |a У9(2)272я73  |v LBC/SL-A  |2 rubbk 
700 1 |a Луков  |b В. А.  |g Валерий Андреевич 
712 0 2 |a Московский гуманитарный университет  |2 stltpush  |3 (RuTPU)RU\TPU\col\5829  |9 24140 
801 1 |a RU  |b 63413507  |c 20071109  |g PSBO 
801 2 |a RU  |b 63413507  |c 20150826  |g PSBO 
900 |a Социальная работа 
900 |a Прогнозирование, проектирование и моделирование в социальной работе 
900 |a Основы социального прогнозирования 
942 |c BK 
952 |b 040100  |b 040101 
959 |a 78/20071106  |d 3  |e 120,45  |f АНЛ:1  |f ЧЗГЛ:2